Розата на Тюдорите (Запис номер 348968)
[ съкратено ]
| 000 -Лидер | |
|---|---|
| Контролно поле с фиксирана дължина | 00993nam a22002657a 4500 |
| 003 - Код на организацията, давaща контролен номер | |
| Контролно поле | BLK |
| 005 - Дата и час на последна редакция | |
| Контролно поле | 20250220145927.0 |
| 008 - Елементи от данни с фиксирана дължина | |
| fixed length control field | 200306b bu ||||| |||| 00| 0 bu d |
| 020 ## - Международен стандартен номер на книга ISBN | |
| Международен стандартен номер на книга ISBN | 9789543895595 |
| 040 ## - Източник на каталожния запис | |
| Идентификатор на билиотеката - собственик на записа | BLK |
| 041 ## - Код за език | |
| Код за езика на текст/звукозапис или на отделно заглавие | Български |
| Код за езика КДБФ | Български |
| 080 ## - УДК | |
| Текстов определител УДК | Английска литература |
| УДК код - определител по УДК | 821.111 |
| УДК - код + определител | 821.111-31 |
| УДК определител | -31 |
| 100 ## - Редна дума - Автор | |
| Автор | Грифит, Мери |
| Авторска отговорност | първи автор |
| R(LIN) | 1299 |
| 139 ## - Редно поле | |
| Редна дума | Грифит, Мери |
| Авторски знак | Грин - Г 84 |
| 245 ## - Сведения за заглавието | |
| Заглавие | Розата на Тюдорите |
| Подзаглавни данни | Началото на една династия |
| Редно поле (дума) | Мери Грифит; прев. от англ. Теодора Давидова |
| 260 ## - Област на издателските данни | |
| 9 (RLIN) | 209478 |
| Място на издаване, разпространение и проч. | София |
| Име на издателя, разпространителя и проч. | Ера |
| Година на издаване | 2019 |
| Издателство - префикс ISBN | 978-954-9395- ; 978-954-389- |
| 300 ## - Физическа характеристика | |
| Страници | 392 с. |
| Размери/Мащаб | 21 см |
| 380 ## - Жанр | |
| Жанр | Худож. лит. |
| 700 ## - Други автори (авторска отговорност) | |
| Лично име | Давидова, Теодора Иванова |
| Дати, свързани с автора | 1947- |
| 9 (RLIN) | 366021 |
| 852 ## - Местоположение | |
| Фондова буква | Заемна - подръчен фонд |
| Систематично-азбучна сигнатура | 821-31/Г 84 М |
| 999 ## - СИСТЕМНИ КОНТРОЛНИ НОМЕРА | |
| Koha biblionumber | 348968 |
| Koha biblioitemnumber | 348968 |
| 942 ## - АРТИКУЛИ | |
| Вид на библиотечния материал | Книги |
| Скрит в OPAC | Не |
| Периодичен библиозапис | Да |
| Koha issues (borrowed), all copies | 23 |
| 944 ## - СЪЗДАВАНЕ И РЕДАКЦИЯ на ЗАПИСА | |
| Създаване/Редакция | Редакция |
| Дата на регистрацията/редакция | 2020-08-10 |
| Служител, извършил регистрацията/редакцията | 30552 |
| Статус, дата на статуса | Виолета Тройчева |
| 999 ## - СИСТЕМНИ КОНТРОЛНИ НОМЕРА | |
| Koha biblioitemnumber | 348968 |
| 999 ## - СИСТЕМНИ КОНТРОЛНИ НОМЕРА | |
| Koha biblioitemnumber | 348968 |
| Код за отписване | Код за изгубен артикул | Източник на класификационната схема | Код за повреда | Код за отдаване | Артикулен № | Име на библиотеката - собственик | Име на библиотеката, в която се намира в момента | Статус (Текущо местоположение) | Дата на вписване в системата | Местоположение - отдел | Цена в лева | Систематично азбучна сигнатура | Баркод | Цена в евро | Служебен тип на артикула | Коз за рестрикции |
|---|---|---|---|---|---|---|---|---|---|---|---|---|---|---|---|---|
| Не е изгубен | Universal Decimal Classification | Не е повреден | заемане за дома | 756311 | Регионална библиотека "Любен Каравелов" Русе | Регионална библиотека "Любен Каравелов" Русе | Заемна - подръчен фонд | 2020-03-10 | Заемна - подръчен фонд | 14.38 | 821-31/Г 84 М | 120000843144 | 7.35 | Книги | ||
| Не е изгубен | Universal Decimal Classification | Не е повреден | заемане за дома | 800171 | Регионална библиотека "Любен Каравелов" Русе | Регионална библиотека "Любен Каравелов" Русе | Заемна - подръчен фонд | 2020-09-18 | Заемна - подръчен фонд | 12.60 | 821-31/Г 84 М | 120000847561 | 6.44 | Книги | без рестрикции |